书目信息 |
| 书名: | CHEMICALS BY ENZYMATIC AND MICROBIAL PROCESSES | |
| 作者: | Recent Advances. | |
| 分册号: | ||
| 分册名: | 出版地: | NEW JERSEY : |
|
| 出版社: | NOYES DATA CORPORATION | |
| 出版时间: | 1980. | |
| 页数: | 386 p. ; | |
| 开本: | 23cm. | |
| 丛书名: | ||
| 中图分类号: | ||
| 科图分类号: | ||
| 其他分类号: | O6-332 | |
| 主题词: | ||
| 电子资源: | ||
| 000 | 00418nam 2200145 a 4500 | |
| 001 | E0733830073 | |
| 005 | 20070509092616.51 | |
| 008 | 070509s1980 00010 eng | |
| 020 | @a0-8155-0805-0. | |
| 040 | @aPFT@beng | |
| 090 | @aO6-332 | |
| 099 | @dO6-332@ex107 | |
| 245 | 1 | @aCHEMICALS BY ENZYMATIC AND MICROBIAL PROCESSES / @cRecent Advances. |
| 260 | @aNEW JERSEY :@bNOYES DATA CORPORATION,@c1980. | |
| 300 | @a386 p. ;@c23cm. | |
| CHEMICALS BY ENZYMATIC AND MICROBIAL PROCESSES / / Recent Advances.-NEW JERSEY : : NOYES DATA CORPORATION, , 1980. |
| 386 p. ; ; 23cm. |
| ISBN 0-8155-0805-0. |
| ● |
| 相关链接 |
|
|
|
|
正题名:CHEMICALS BY ENZYMATIC AND MICROBIAL PROCESSES
索取号:O6-332/x107
 
预约/预借
| 序号 | 登录号 | 条形码 | 馆藏地/架位号 | 状态 | 备注 |
| 1 | 73333 | 000636565 | 第二样本阅览室/ [索取号:O6-332/x107] | 在馆 |